L'Europa del diritto comune
Guardat en:
| Autor principal: | |
|---|---|
| Format: | Llibre |
| Idioma: | italià |
| Publicat: |
Roma
Cigno Galileo Galilei
1991
|
| Matèries: | |
| Etiquetes: |
Afegir etiqueta
Sense etiquetes, Sigues el primer a etiquetar aquest registre!
|
MARC
| LEADER | 00000nam a2200000 a 4500 | ||
|---|---|---|---|
| 001 | UCX9242 | ||
| 003 | CL-VaPUC | ||
| 008 | 940524e19910000IT |||||||||||||||||ita|d | ||
| 082 | 0 | 4 | |a 340.09 |b BEL |2 21 |
| 100 | 0 | |a Bellomo, Manlio |e author |9 326623 | |
| 245 | 1 | 2 | |a L'Europa del diritto comune |
| 300 | |a 270 p | ||
| 942 | |c BK | ||
| 945 | |d 19940524 00:00:00 |a aalvarez | ||
| 260 | |a Roma |b Cigno Galileo Galilei |c 1991 | ||
| 650 | 7 | |a DERECHO |2 CL-VaPUC |9 326624 | |
| 650 | 0 | |a Historia |9 255047 | |
| 651 | 0 | |a Europa |9 255156 | |
| 583 | |a last modification |c 19940524 00:00:00 |k Rodrigo Vera | ||
| 999 | |c 228541 |d 228539 | ||
| 952 | |0 0 |1 0 |4 0 |6 340_090000000000000_BEL_1991 |7 0 |8 A |9 228724 |a BIBDER |b BIBDER |d 2019-11-15 |i 2979039 |o 340.09 BEL 1991 |p 2979039 |r 2019-11-15 |w 2019-11-15 |y BK |k DER | ||
| 952 | |0 0 |1 0 |4 0 |6 340_090000000000000_BEL_1991 |7 0 |8 DER_HIS |9 228725 |a BIBDER |b BIBDER |d 2019-11-15 |i 3938956 |l 1 |o 340.09 BEL 1991 |p 3938956 |r 2023-01-25 |s 2020-03-17 |w 2019-11-15 |x Ubicación 4to Piso |y BK |z Estos recursos deben solicitarse con anticipación |k DER | ||